000 00411nam a22001697a 4500
005 20251121151422.0
082 _a510 SAJ
100 _aSajikumar S
_91020
100 _aSheena S
_91021
100 _aHarita Vijay
_91116
245 _aMathematics for Electrical Science and Physical Science-II
250 _a1
260 _aOwl Books
_bTrivandrum
_c2025
546 _aEnglish
650 _aAPS
_95
942 _cBK
999 _c38035
_d38035